Geografía nacional de México.

Gespeichert in:
Bibliographische Detailangaben
1. Verfasser: Santibañez, Enrique.
Format: Buch
Sprache:Spanisch
Erschienen: México Eds. Águilas, S. A. 1923
Ausgabe:2a. ed.
Katalog:MANES:  Suchergebnis im Bibliothekskatalog
Schulbuchspezifische Eigenschaften:
Tags: Tag hinzufügen
Keine Tags, Fügen Sie den ersten Tag hinzu!
Hinzugefügt zu:18.06.2019
Geändert in:20.05.2026

MARC

LEADER 00000nam a2200000 4500
005 20260520171928.0
008 190619b xxu||||| |||| 00| 0 spa d
040 |a centro_manes  |c universidad_colima 
100 |9 16996  |a Santibañez, Enrique. 
245 |a Geografía nacional de México.  
250 |a 2a. ed.  
260 |a México   |b Eds. Águilas, S. A.   |c 1923 
300 |a 188 p.   |c 28 cm. 
500 |a Aparece: Francisco Ziga, "Bibliografía Pedagógica. Libros de texto para enseñanza primaria:1850-1970 V. Libros de Geografía" en Boletín del Instituto de Investigaciones Bibliográficas 1981-1982, Biblioteca Nacional, Hemeroteca Nacional, Universidad Nacional Autónoma de México, Nos. 18 - 19,p. 46.  |a Ils, maps. 
546 |a México 
690 0 |a GEO 
691 0 |a PRI 
942 |2 ddc  |c BK 
999 |c 85621  |d 85621 
999 |c manes:85621  |d 85621